Every NBA 3-1 Comeback - Statistics

General Stats
  • This quiz has been taken 13 times
  • The average score is 12 of 15
Answer Stats
Year and Series Series Winner Series Loser % Correct
2026 First Round 76ers Celtics
100%
2016 NBA Finals Cavaliers Warriors
100%
2026 First Round Pistons Magic
100%
2003 First Round Pistons Magic
100%
2016 Western Conference Finals Warriors Thunder
100%
2020 West Semifinals Nuggets Clippers
90%
2020 First Round Nuggets Jazz
90%
1981 Eastern Conference Finals Celtics 76ers
80%
1968 Eastern Division Finals Celtics 76ers
80%
1970 West Division Semifinals Lakers Suns
70%
1997 East Semifinals Heat Knicks
60%
2015 West Semifinals Rockets Clippers
50%
1995 West Semifinals Rockets Suns
50%
1979 NBA Finals Bullets Spurs
40%
2006 First Round Suns Lakers
40%
No matching quizzes found
Score Distribution
Percent of People with Each Score
Percentile by Number Answered
Your Score History
You have not taken this quiz